| 000 -LEADER |
| fixed length control field |
00433nam a22001457a 4500 |
| 020 ## - INTERNATIONAL STANDARD BOOK NUMBER |
| International Standard Book Number |
9789386349934 |
| 082 ## - DEWEY DECIMAL CLASSIFICATION NUMBER |
| Classification number |
B142x73 D719 |
| 100 ## - MAIN ENTRY--PERSONAL NAME |
| Personal name |
Donovan, Josephine |
| 9 (RLIN) |
15564 |
| 245 ## - TITLE STATEMENT |
| Title |
Feminist theory: |
| Remainder of title |
the intellectual traditions |
| Statement of responsibility, etc |
by Josephine Donovan |
| 260 ## - PUBLICATION, DISTRIBUTION, ETC. (IMPRINT) |
| Place of publication, distribution, etc |
New Delhi |
| Name of publisher, distributor, etc |
Bloomsbury |
| Date of publication, distribution, etc |
2017 |
| 300 ## - PHYSICAL DESCRIPTION |
| Extent |
287p. |
| 650 ## - SUBJECT ADDED ENTRY--TOPICAL TERM |
| Topical term or geographic name as entry element |
Feminist theory. |
| 9 (RLIN) |
15956 |
| 650 ## - SUBJECT ADDED ENTRY--TOPICAL TERM |
| Topical term or geographic name as entry element |
Feminism -- United States. |
| 9 (RLIN) |
15957 |
| 650 ## - SUBJECT ADDED ENTRY--TOPICAL TERM |
| Topical term or geographic name as entry element |
Feminism. |
| 9 (RLIN) |
15958 |